000 01235nam a2200253 a 4500
001 000046706
005 20201002053048.0
008 180320s2015 dr r 000 0 spa d
020 _a9789945900415
040 _aDO-SdBNP
_bspa
_cBNPHU
082 _axxxx
_bI37m
100 1 _aIncháustegui, María Isabel
_929568
245 1 0 _aMódulo 1. Taller 3. Textos funcionales : documentos personales, listas y rótulos /
_cMaría Isabel Incháustegui.
260 _aSanto Domingo :
_bMINERD ;
_bOEI,
_c2015.
300 _a21p. ;
_c28 cm.
490 1 _aDesarrollo profesional docente, enseñanza de la lengua española
500 _aPolítica de apoyo a los aprendizajes de los primeros grados de nivel primario en lectura, escritura y matemática.
500 _aRegional educativa 05 San Pedro de Macorís, 12 Higüey, y 17 Monte Plata
500 _aA la cabeza del título: Desarrollo Profesional Docente. Capacitación de Docentes para la Enseñanza de la Lectura y la Escritura
590 _aInventariado, 2018/BT
710 1 _aRepública Dominicana
_bMinisterio de Educación
_943100
700 1 2 _aOrganización de Estados Iberoamericanos
_974658
830 0 _aDesarrollo profesional docente, enseñanza de la lengua española
_974659
999 _c46195
_d46195